[Event "Vojens Sonderjysk EMT B"]
[Site "Vojens"]
[Date "2015.04.27"]
[Round "1"]
[White "Jensen, Karl Orskov"]
[Black "Iversen, Michael"]
[Result "1/2-1/2"]
[WhiteElo "1447"]
[BlackElo "1300"]
[PlyCount "45"]
[EventDate "2015.04.27"]
[EventType "tourn"]
[EventRounds "7"]
[EventCountry "DEN"]
[SourceTitle "EXT 2023"]
[Source "ChessBase"]
[SourceDate "2022.10.05"]
[SourceVersion "1"]
[SourceVersionDate "2022.10.05"]
[SourceQuality "1"]

1. d4 d5 2. c4 Nf6 3. e3 Nc6 4. Nc3 e6 5. Nf3 Bd6 6. a3 0-0 7. c5 Be7 8. b4 a6 9. Bd3 Bd7 10. 0-0 b6 11. cxb6 cxb6 12. Bb2 b5 13. Rc1 Bd6 14. Ne2 Re8 15. Qc2 Rc8 16. Qb1 e5 17. dxe5 Nxe5 18. Bxe5 Bxe5 19. Rxc8 Bxc8 20. Nxe5 Rxe5 21. Nf4 g6 22. Rc1 Re8 23. Ne2 1/2-1/2

[Event "Logumkloster-chB"]
[Site "Logumkloster"]
[Date "2014.05.13"]
[Round "5"]
[White "Jensen, Karl Orskov"]
[Black "Jessen, Morten"]
[Result "1/2-1/2"]
[WhiteElo "1409"]
[BlackElo "1341"]
[PlyCount "54"]
[EventDate "2014.03.18"]
[EventType "tourn"]
[EventRounds "5"]
[EventCountry "DEN"]
[SourceTitle "EXT 2023"]
[Source "ChessBase"]
[SourceDate "2022.10.05"]
[SourceVersion "1"]
[SourceVersionDate "2022.10.05"]
[SourceQuality "1"]

1. e4 c5 2. Nf3 d6 3. c3 Nf6 4. e5 dxe5 5. Nxe5 Nbd7 6. Nf3 b6 7. Be2 Bb7 8. d4 cxd4 9. cxd4 e6 10. Nc3 Be7 11. 0-0 0-0 12. Be3 Rc8 13. Qd2 a6 14. a3 b5 15. b4 Nb6 16. Ne5 Nfd5 17. Rac1 Nxc3 18. Rxc3 Rxc3 19. Qxc3 Nd5 20. Qd2 a5 21. Bxb5 axb4 22. axb4 Nxb4 23. Nd7 Re8 24. Rb1 Nc6 25. Nc5 Bxc5 26. dxc5 Qxd2 27. Bxd2 Rd8 1/2-1/2

[Event "Logumkloster-chB"]
[Site "Logumkloster"]
[Date "2013.05.14"]
[Round "5"]
[White "Jensen, Karl Orskov"]
[Black "Jessen, Morten"]
[Result "1/2-1/2"]
[WhiteElo "1383"]
[BlackElo "1336"]
[PlyCount "45"]
[EventDate "2013.04.09"]
[EventType "swiss"]
[EventRounds "5"]
[EventCountry "DEN"]
[SourceTitle "EXT 2023"]
[Source "ChessBase"]
[SourceDate "2022.10.05"]
[SourceVersion "1"]
[SourceVersionDate "2022.10.05"]
[SourceQuality "1"]

1. f4 Nf6 2. Nf3 d5 3. d3 g6 4. Nc3 Nc6 5. Bd2 Bg7 6. e3 e6 7. d4 Bd7 8. Be2 Qe7 9. 0-0 a6 10. Ne5 Nxe5 11. dxe5 Ng8 12. Bf3 0-0-0 13. a4 f6 14. b4 c6 15. b5 c5 16. bxa6 bxa6 17. Qb1 Bc6 18. Qb6 Bb7 19. Bg4 f5 20. Be2 c4 21. Bc1 Qc7 22. Qxe6+ Rd7 23. Qe8+ 1/2-1/2

[Event "Logumkloster-chB"]
[Site "Logumkloster"]
[Date "2013.04.30"]
[Round "3"]
[White "Asmund, Erik"]
[Black "Jensen, Karl Orskov"]
[Result "1/2-1/2"]
[WhiteElo "1502"]
[BlackElo "1383"]
[PlyCount "48"]
[EventDate "2013.04.09"]
[EventType "swiss"]
[EventRounds "5"]
[EventCountry "DEN"]
[SourceTitle "EXT 2023"]
[Source "ChessBase"]
[SourceDate "2022.10.05"]
[SourceVersion "1"]
[SourceVersionDate "2022.10.05"]
[SourceQuality "1"]

1. e4 Nf6 2. e5 Nd5 3. c4 Nb6 4. b3 Nc6 5. Bb2 d6 6. exd6 exd6 7. Nf3 Bf5 8. d4 Qe7+ 9. Qe2 f6 10. Qxe7+ Bxe7 11. Bc3 d5 12. c5 Nd7 13. Be2 0-0 14. 0-0 Nd8 15. Re1 Re8 16. Nbd2 c6 17. Nh4 Be6 18. Bd3 g6 19. f4 f5 20. Nhf3 Bf6 21. Ne5 Nf7 22. Nxd7 Bxd7 23. Nf3 Rxe1+ 24. Rxe1 Re8 1/2-1/2

[Event "Sonderjysk-ch C"]
[Site "Haderslev"]
[Date "2013.04.29"]
[Round "1"]
[White "Christensen, Karl Martin"]
[Black "Jensen, Karl Orskov"]
[Result "0-1"]
[WhiteElo "1378"]
[BlackElo "1406"]
[PlyCount "82"]
[EventDate "2013.04.29"]
[EventType "swiss"]
[EventRounds "5"]
[EventCountry "DEN"]
[SourceTitle "EXT 2023"]
[Source "ChessBase"]
[SourceDate "2022.10.05"]
[SourceVersion "1"]
[SourceVersionDate "2022.10.05"]
[SourceQuality "1"]

1. c4 c6 2. d4 d5 3. cxd5 cxd5 4. Nc3 Nf6 5. h3 e6 6. e3 a6 7. Nf3 Nc6 8. Bd3 Be7 9. Bc2 Bd7 10. a3 b5 11. Qd3 b4 12. Ne2 Na5 13. Bd2 Bb5 14. Ba4 Bxa4 15. axb4 Bb5 16. Qc2 Rc8 17. Qd1 Nc4 18. Bc3 Ne4 19. 0-0 0-0 20. b3 Ncd6 21. Bd2 Qb6 22. Re1 Rc7 23. Ra2 Rfc8 24. g4 h6 25. Kg2 Nxd2 26. Qxd2 Ne4 27. Qd1 Bxb4 28. Rg1 Bxe2 29. Qxe2 a5 30. Qb2 Qc6 31. Rd1 f6 32. Ne1 Qb5 33. Ra4 Nc3 34. Rxb4 axb4 35. Ra1 Qe2 36. Qxe2 Nxe2 37. Ra6 Rc1 38. Nd3 R1c6 39. Ra4 Rc3 40. Nxb4 Rxb3 41. Kf1 Nc3 0-1